000 00836nam a22002777a 4500
003 CHAP
005 20220817041253.0
008 971013s1992 r 00010 d
010 _a10013
011 _a10985
035 _a10223
040 _cCHAP
082 _a638.12
_bF7
100 0 0 _aFree, John B.
_ecomp.
_943103
245 _aKeeping bees
260 _aCardiff, England :
_bCardiff Academic Press,
_c[1992]
300 _a171 p.
_b: ilus.
500 _aContiene 18 conferencias dictadas a la Central Association of Bee-Keepers
590 _aBATCH-UPD
_b10
_c20130110
_lUCH01
_h1615
590 _aCONVERSION
_b10
_c20130109
_lUCH01
_h1306
650 1 4 _aApicultura.
_96241
650 1 4 _aCera de abejas.
901 _aBK
942 _cLIBRO
949 _a638.12 F7
_bBC
_cLIBRO
_d33724000003067
_eLIBRO
_gI.c/e
_h88071
_i10223
_si
_t67.96
999 _c10013
_d10013